书目信息 |
| 题名: |
生命教育
|
|
| 作者: | 郑晓江 著 | |
| 分册: | ||
| 出版信息: | 北京 开放出版社 2018 |
|
| 页数: | 177页 | |
| 开本: | 24cm | |
| 丛书名: | 新世纪心理与心理健康教育文库 | |
| 单 册: | ||
| 中图分类: | G412 | |
| 科图分类: | ||
| 主题词: | 生命教育--sheng ming jiao yu | |
| 电子资源: | http://lib.xhsd.com.cn/findOneBook.doplucode=751310835 | |
| ISBN: | 978-7-5131-0835-5 | |
| 000 | 01239nam 2200301 45 | |
| 001 | 012001002690 | |
| 005 | 20131023184435.0 | |
| 010 | @a978-7-5131-0835-5@dCNY31.00 | |
| 099 | @aCAL 012013036922 | |
| 100 | @a20130106d2012 em y0chiy50 ea | |
| 101 | 0 | @achi |
| 102 | @aCN@b110000 | |
| 105 | @ay z 000yy | |
| 106 | @ar | |
| 200 | 1 | @a生命教育@Asheng ming jiao yu@f郑晓江著 |
| 210 | @a北京@c开放出版社@d2018 | |
| 215 | @a177页@d24cm | |
| 225 | 2 | @a新世纪心理与心理健康教育文库@Axin shi ji xin li yu xin li jian kang jiao yu wen ku@f郑日昌总主编@v48 |
| 330 | @a本书共分成三个部分,第一部分包括第一章和第二章,主要阐述生命教育的发展历史及其核心的问题,并引申出其独特的方法;第二部分从第三章到第九章,主要讨论生命教育的内容和理论进路;第三部分包括第十章和第十一章,是以前九章论述的生命教育的方方面面为基础,探讨中小学及大学生教育课程的开发及教学方法的问题。 | |
| 333 | @a教育工作者、青年读者及相关读者。 | |
| 410 | 0 | @12001@a新世纪心理与心理健康教育文库 |
| 606 | 0 | @a生命教育@Asheng ming jiao yu |
| 690 | @aG412@v5 | |
| 696 | @aG412 | |
| 701 | 0 | @a郑晓江@Azheng xiao jiang@4著 |
| 801 | 2 | @aCN@b江苏凤凰@c20191020 |
| 856 | @uhttp://lib.xhsd.com.cn/findOneBook.doplucode=751310835 | |
| 905 | @b1220560-3@dG412@e81@f4 | |
| 生命教育/郑晓江著.-北京:开放出版社,2018 |
| 177页;24cm.-(新世纪心理与心理健康教育文库/郑日昌总主编;48) |
| 使用对象:教育工作者、青年读者及相关读者。 |
| ISBN 978-7-5131-0835-5:CNY31.00 |
| 本书共分成三个部分,第一部分包括第一章和第二章,主要阐述生命教育的发展历史及其核心的问题,并引申出其独特的方法;第二部分从第三章到第九章,主要讨论生命教育的内容和理论进路;第三部分包括第十章和第十一章,是以前九章论述的生命教育的方方面面为基础,探讨中小学及大学生教育课程的开发及教学方法的问题。 |
| ● |
| 相关链接 |
|
|
|
|
正题名:生命教育
索取号:G412/81
 
预约/预借
| 序号 | 登录号 | 条形码 | 馆藏地/架位号 | 状态 | 备注 |
| 1 | 1220560 | 212205601 | 第一样本阅览室/ [索取号:G412/81] | 在馆 | |
| 2 | 1220561 | 212205610 | 教育系资料室/ [索取号:G412/81] | 在馆 | |
| 3 | 1220562 | 212205629 | 教育系资料室/ [索取号:G412/81] | 在馆 | |
| 4 | 1220563 | 212205638 | 第四借阅区/ [索取号:G412/81] | 在馆 |